000 00732nam a2200265 i 4500
001 C2-0122956
003 PPAK
005 20180727114038.0
008 970826s1996 my a|||| ||||| | may d
020 _a9676535648
040 _aPPAK
_beng
_cPPAK
_erda
082 0 4 _a499.2386
_223
090 0 0 _a499.2386
_bMUS
_dK
245 0 0 _aMusim pijar
264 1 _aShah Alam, Selangor :
_bFajar Bakti ,
_c1996
300 _a70 pages :
_billustrations ;
_c21 cm
336 _2rdacontent
_atext
337 _2rdamedia
_aunmediated
338 _2rdacarrier
_avolume
490 1 _aBacaan Sekolah Menengah
650 1 0 _aBahasa Melayu - Readers
700 0 _aOthman Puteh,
_ecompile
830 0 _aBacaan Sekolah Menengah
942 _ddc
_cB
999 _c35570
_d35570